[Event "2.BLS 0203 Schmiden Cannst - SK Bebenha"]
[Site "?"]
[Date "2003.02.09"]
[Round "6.1"]
[White "Gheng, Josef"]
[Black "Holzhaeuer, Mathias"]
[Result "0-1"]
[WhiteElo "2314"]
[BlackElo "2407"]
[PlyCount "82"]
[EventDate "2003.??.??"]

1. c4 e5 2. Nc3 Nf6 3. g3 Bb4 4. Qc2 O-O 5. Bg2 Re8 6. e3 c6 7. Ne4 Nxe4 8.
Bxe4 g6 9. a3 Bf8 10. d3 d5 11. Bg2 a5 12. Ne2 Na6 13. O-O dxc4 14. dxc4 Nc5
15. Rd1 Qb6 16. Bd2 Qb3 17. Qc3 Bg4 18. f3 Be6 19. Rac1 a4 20. Be1 Qxc3 21.
Rxc3 Red8 22. Rb1 Rd3 23. Bf1 Rad8 24. Nc1 Rxc3 25. Bxc3 Rd1 26. Kf2 Nb3 27.
Nxb3 Rxb1 28. Nd2 Rc1 29. Ne4 f5 30. Ng5 Bf7 31. Nxf7 Rc2+ 32. Kg1 Kxf7 33. Bd3
Rc1+ 34. Kf2 Ke6 35. Bd2 Rd1 36. Ke2 Rh1 37. h4 Rh2+ 38. Kd1 Rg2 39. Be1 Rxb2
40. Bc2 Ra2 41. Bxa4 Rxa3 0-1

[Event "2.BLS 0203 Schmiden Cannst - SK Bebenha"]
[Site "?"]
[Date "2003.02.09"]
[Round "6.2"]
[White "Schnepp, Gunnar"]
[Black "Gohil, Harry"]
[Result "1-0"]
[WhiteElo "2278"]
[BlackElo "2354"]
[PlyCount "83"]
[EventDate "2003.??.??"]

1. d4 Nf6 2. c4 g6 3. Nc3 Bg7 4. e4 O-O 5. Nf3 d6 6. Be2 e5 7. O-O Nbd7 8. Re1
Ne8 {(=)} 9. dxe5 dxe5 10. Be3 f5 11. exf5 gxf5 12. Ng5 f4 13. Qd5+ Kh8 14. Ne6
Qf6 15. Ne4 fxe3 16. Nxf6 exf2+ 17. Kxf2 Rxf6+ 18. Kg1 c6 19. Nxg7 cxd5 20.
Nxe8 Rb6 21. Rf1 Kg8 22. Bh5 d4 23. Rf7 Rh6 24. Raf1 Rxh5 25. Rg7+ Kh8 26. Rxd7
Rg5 27. Rf8+ Rg8 28. Rxg8+ Kxg8 29. Rd8 d3 30. Nc7+ Kf7 31. Nxa8 Bf5 32. Kf2
Ke7 33. Rb8 Kf6 34. Nc7 e4 35. Ke3 Bg6 36. Nb5 a6 37. Nc3 Ke6 38. Nxe4 b5 39.
Nc5+ Kf6 40. cxb5 axb5 41. Nxd3 Bf7 42. Rxb5 1-0

[Event "2.BLS 0203 Schmiden Cannst - SK Bebenha"]
[Site "?"]
[Date "2003.02.09"]
[Round "6.3"]
[White "Hoensch, Matthias"]
[Black "Trachtmann, Mark"]
[Result "1/2-1/2"]
[WhiteElo "2312"]
[BlackElo "2314"]
[PlyCount "51"]
[EventDate "2003.??.??"]

1. d4 g6 2. c4 Bg7 3. Nc3 d6 4. e4 Nf6 5. Nf3 O-O 6. Be2 e5 7. O-O Nc6 8. d5
Ne7 9. Ne1 Ne8 10. Be3 f5 11. f3 Nf6 12. c5 h6 13. Rc1 a6 14. b4 g5 15. Nd3 Ng6
16. exf5 Bxf5 17. Nf2 Nf4 18. Bc4 Kh8 19. Nce4 Bg6 20. Nxf6 Qxf6 21. Ne4 Qe7
22. Qc2 Rad8 23. Rfd1 Qf7 24. Re1 Qf5 25. h3 Bh7 26. Rcd1 1/2-1/2

[Event "2.BLS 0203 Schmiden Cannst - SK Bebenha"]
[Site "?"]
[Date "2003.02.09"]
[Round "6.4"]
[White "Birk, Steffen"]
[Black "Lorscheid, Gerhard"]
[Result "1/2-1/2"]
[WhiteElo "2272"]
[BlackElo "2307"]
[PlyCount "48"]
[EventDate "2003.??.??"]

1. e4 g6 2. d4 d6 3. Nc3 Bg7 4. Bg5 c6 5. Qd2 Qa5 6. f4 b5 7. Nf3 Bg4 8. Be2 b4
9. Nd1 Qb6 {(=)} 10. e5 f6 11. exf6 Nxf6 12. Nf2 Bf5 13. Bd3 O-O 14. Bxf5 gxf5
15. Qd3 e6 16. O-O Nbd7 17. Rfe1 Rfe8 18. Re2 Nd5 19. g3 Qb5 20. Rae1 Qxd3 21.
Nxd3 Kf7 22. Bh4 h6 23. h3 Nf8 24. g4 Ng6 {(=)} 1/2-1/2

[Event "2.BLS 0203 Schmiden Cannst - SK Bebenha"]
[Site "?"]
[Date "2003.02.09"]
[Round "6.5"]
[White "Kabisch, Thilo"]
[Black "Krockenberger, Martin"]
[Result "0-1"]
[WhiteElo "2310"]
[BlackElo "2264"]
[PlyCount "98"]
[EventDate "2003.??.??"]

1. e4 c5 2. Nf3 e6 3. d4 cxd4 4. Nxd4 Nc6 5. Nb5 d6 6. c4 Nf6 7. N1c3 a6 8. Na3
Be7 9. Be2 O-O 10. O-O b6 11. Bf4 Bb7 12. Qd2 Qc7 13. Rfd1 Ne5 14. Qe3 Bc6 15.
Nc2 Rfd8 16. Nd4 Bb7 17. Rac1 Rac8 18. h3 Qb8 19. b3 Re8 20. Bh2 Bd8 21. f4 Ng6
22. e5 dxe5 23. fxe5 Nd7 24. Nxe6 Rxe6 25. Rxd7 Bc6 26. Rd5 Bxd5 27. cxd5 b5
28. Kh1 Bb6 29. Qd2 Rxe5 30. Rd1 Be3 31. Qd3 Bf4 32. Bg1 Rxc3 33. Qxc3 Rxe2 34.
Qc6 Qe8 35. Qxa6 Qe4 36. Qc8+ Nf8 37. Qg4 f5 38. Qf3 Qxf3 39. gxf3 Rxa2 40. d6
Rd2 41. Ra1 Bxd6 42. Ra5 Rd5 43. Ra7 Rd1 44. b4 Be5 45. Rb7 Bd4 46. Rxb5 Ng6
47. Rxf5 Rxg1+ 48. Kh2 Nh4 49. Rf4 g5 0-1

[Event "2.BLS 0203 Schmiden Cannst - SK Bebenha"]
[Site "?"]
[Date "2003.02.09"]
[Round "6.6"]
[White "Thoma, Christian"]
[Black "Maeurer, Christoph Dr"]
[Result "1/2-1/2"]
[WhiteElo "2239"]
[BlackElo "2330"]
[PlyCount "69"]
[EventDate "2003.??.??"]

1. e4 Nf6 2. e5 Nd5 3. d4 d6 4. Nf3 Nc6 5. Be2 dxe5 6. dxe5 Bg4 7. O-O e6 8.
Re1 Be7 9. h3 Bh5 10. a3 a5 11. b3 O-O 12. c4 Nb6 13. Nbd2 Bg6 14. Bb2 Bc5 15.
Bf1 Qe7 16. Ne4 Rfd8 17. Qc1 Nd4 18. Nfd2 Bxe4 19. Rxe4 Nf5 20. Rg4 Bd4 21. Ne4
Bxb2 22. Qxb2 Kh8 23. Be2 Nd7 24. Ng3 Nxg3 25. Rxg3 Nf8 26. Bf3 c6 27. Be4 Qc5
28. Re1 Rd4 29. Bd3 Rad8 30. b4 Qe7 31. Qc3 axb4 32. axb4 Qh4 33. Ree3 Ng6 34.
Bxg6 hxg6 35. Rd3 1/2-1/2

[Event "2.BLS 0203 Schmiden Cannst - SK Bebenha"]
[Site "?"]
[Date "2003.02.09"]
[Round "6.7"]
[White "Stoll, Ferdinand"]
[Black "Loehr, Markus"]
[Result "1/2-1/2"]
[WhiteElo "2277"]
[BlackElo "2199"]
[PlyCount "104"]
[EventDate "2003.??.??"]

1. c4 e5 2. g3 Nf6 3. Bg2 c6 4. d4 Bb4+ 5. Bd2 Bxd2+ 6. Qxd2 d6 7. Nc3 O-O 8.
e3 Qe7 9. Nge2 Re8 10. h3 h5 11. d5 c5 12. e4 Nbd7 13. f4 h4 14. f5 Nh7 15.
O-O-O a6 16. Kb1 b5 17. Rdg1 Nb6 18. cxb5 axb5 19. gxh4 b4 20. Nd1 Qa7 21. Nc1
Nc4 22. Qc2 Ba6 23. Bf1 b3 24. Nxb3 Nb6 25. Bxa6 Qxa6 26. Nc3 Kh8 27. Rg5 Na4
28. Nc1 Nxc3+ 29. Qxc3 Nxg5 30. hxg5 Qa5 31. Qf3 Qd2 32. Qh5+ Kg8 33. g6 fxg6
34. fxg6 Qh6 35. Qxh6 gxh6 36. h4 Rf8 37. Nb3 Kg7 38. Rg1 h5 39. Rg5 Rf4 40.
Rxh5 Kxg6 41. Rg5+ Kf6 42. Nd2 Rxh4 43. Rf5+ Ke7 44. a3 Rg8 45. Rf2 Rhg4 46.
Kc2 Rg2 47. Rxg2 Rxg2 48. Kd3 Kd7 49. b4 cxb4 50. axb4 Kc7 51. Nc4 Rg3+ 52. Kc2
Rg2+ 1/2-1/2

[Event "2.BLS 0203 Schmiden Cannst - SK Bebenha"]
[Site "?"]
[Date "2003.02.09"]
[Round "6.8"]
[White "Bauer, Manfred"]
[Black "Braeuning, Rudolf Wilhelm"]
[Result "1/2-1/2"]
[WhiteElo "2246"]
[BlackElo "2281"]
[PlyCount "81"]
[EventDate "2003.??.??"]

1. e4 e5 2. Nf3 Nc6 3. d4 exd4 4. Nxd4 Nf6 5. Nxc6 bxc6 6. e5 Nd5 7. c4 Ne7 8.
Bd3 Ng6 9. Qe2 Bb4+ 10. Bd2 Nf4 11. Qe4 Bxd2+ 12. Nxd2 Nxd3+ 13. Qxd3 O-O 14.
O-O f6 15. f4 d6 16. exd6 cxd6 17. Kh1 Qc7 18. Rfe1 Bg4 19. h3 Bh5 20. Re6 Rad8
21. Rae1 d5 22. Qg3 Rd7 23. cxd5 cxd5 24. Nb3 d4 25. Nxd4 Bf7 26. Qe3 Qc4 27.
Re4 Qxa2 28. Qc3 Qd5 29. Nc6 Qh5 30. Rd4 Rxd4 31. Qxd4 Kh8 32. Qd6 Rg8 33. Kh2
Qh4 34. Re7 Be8 35. Rxa7 Bxc6 36. Qxc6 Qxf4+ 37. Kh1 Qd4 38. Ra8 h6 39. Rxg8+
Kxg8 40. Qe6+ Kh7 41. b3 1/2-1/2

[Event "2.BLS 0203 Heidelberg HSH - Pang Rosenh"]
[Site "?"]
[Date "2003.02.09"]
[Round "6.1"]
[White "Wach, Markus"]
[Black "Ikonnikov, Viacheslav"]
[Result "0-1"]
[WhiteElo "2388"]
[BlackElo "2549"]
[PlyCount "90"]
[EventDate "2003.??.??"]

1. e4 c5 2. Nf3 Nc6 3. Bb5 g6 4. Bxc6 bxc6 5. O-O Bg7 6. Re1 Nh6 7. d3 f6 8. h3
Nf7 9. b3 O-O 10. Bb2 d6 11. Nbd2 e5 12. a3 a5 13. Bc3 d5 14. b4 d4 15. Bb2 Rb8
16. Nc4 cxb4 17. axb4 axb4 18. Nfd2 Bh6 19. Nb3 Nd6 20. Nxd6 Qxd6 21. Ra7 Be6
22. Qa1 Rf7 23. Rxf7 Bxf7 24. Qa7 Rc8 25. Ra1 c5 26. Na5 Bf8 27. Nc4 Bxc4 28.
dxc4 Qc7 29. Qa2 Qb7 30. f3 Bh6 31. Qa4 f5 32. exf5 gxf5 33. Qa5 Be3+ 34. Kh1
e4 35. fxe4 fxe4 36. Rf1 Qe7 37. Qa6 Rf8 38. Rxf8+ Kxf8 39. Qc8+ Kg7 40. Qg4+
Kf7 41. Qf5+ Kg7 42. Qg4+ Kh6 43. Qf5 Bg5 44. g3 e3 45. h4 e2 0-1

[Event "2.BLS 0203 Heidelberg HSH - Pang Rosenh"]
[Site "?"]
[Date "2003.02.09"]
[Round "6.3"]
[White "Blaskowski, Johannes"]
[Black "Schwalfenberg, Joerg"]
[Result "1/2-1/2"]
[WhiteElo "2310"]
[BlackElo "2360"]
[PlyCount "84"]
[EventDate "2003.??.??"]

1. e4 c6 2. d4 d5 3. exd5 cxd5 4. c4 Nf6 5. Nc3 Nc6 6. Nf3 Be6 7. c5 g6 8. Qb3
Qc8 9. Be3 Bg7 10. h3 O-O 11. Be2 Ne4 12. Rd1 Nxc5 13. Qb5 Na6 14. Nxd5 Bxd5
15. Qxd5 Nab4 16. Qb3 e6 17. O-O Nd5 18. Bg5 h6 19. Bh4 Qc7 20. Bg3 Qb6 21. Bc4
Rfd8 22. Be5 Qxb3 23. Bxb3 Nde7 24. Rfe1 Rd7 25. Bxg7 Kxg7 26. Rd2 Rad8 27.
Red1 Na5 28. Ba4 Rc7 29. Rc2 Rxc2 30. Bxc2 Rc8 31. Bd3 Nd5 32. g3 Nc6 33. Kf1
Rd8 34. Ke2 Kf6 35. a3 g5 36. Be4 h5 37. Bxd5 Rxd5 38. g4 hxg4 39. hxg4 Rb5 40.
b4 a5 41. bxa5 Rxa5 42. Rb1 Rxa3 1/2-1/2

[Event "2.BLS 0203 Heidelberg HSH - Pang Rosenh"]
[Site "?"]
[Date "2003.02.09"]
[Round "6.4"]
[White "Roos, Jean-Luc"]
[Black "Geisler, Fabian"]
[Result "0-1"]
[WhiteElo "2307"]
[BlackElo "2273"]
[PlyCount "68"]
[EventDate "2003.??.??"]

1. e4 c5 2. Nf3 Nc6 3. d4 cxd4 4. Nxd4 Nf6 5. Nc3 e6 6. Ndb5 d6 7. Bf4 e5 8.
Bg5 a6 9. Bxf6 gxf6 10. Na3 b5 11. Nd5 Bg7 12. Bd3 Ne7 13. O-O Nxd5 14. exd5 f5
15. c3 O-O 16. Nc2 e4 17. Be2 f4 18. Kh1 Be5 19. f3 e3 20. a4 bxa4 21. Rxa4 Kh8
22. Nb4 Rg8 23. Bxa6 Qg5 24. Qe2 Bd7 25. Nc6 Bf5 26. Nb4 Rg6 27. Bb5 Rxa4 28.
Bxa4 Rh6 29. Qe1 Qh5 30. h4 Qg5 31. Bc2 Rxh4+ 32. Kg1 Bxc2 33. Nxc2 Qh6 34.
Nxe3 fxe3 0-1

[Event "2.BLS 0203 Heidelberg HSH - Pang Rosenh"]
[Site "?"]
[Date "2003.02.09"]
[Round "6.5"]
[White "Salvermoser, Bernd"]
[Black "Nippgen, Georg"]
[Result "1-0"]
[WhiteElo "2306"]
[BlackElo "2256"]
[PlyCount "115"]
[EventDate "2003.??.??"]

1. d4 Nf6 2. c4 e6 3. Nc3 Bb4 4. Qc2 c5 5. dxc5 O-O 6. a3 Bxc5 7. Nf3 b6 8. b4
Be7 9. e4 a5 10. bxa5 Rxa5 11. Bd3 Nc6 12. Bb2 Bb7 13. Nb5 Qa8 14. O-O Rc8 15.
Bc3 Ra4 16. e5 Nh5 17. Bxh7+ Kh8 18. Bd2 Nb4 19. Bxb4 Bxb4 20. Ng5 Rf8 21. Bg6
Be7 22. Nxf7+ Rxf7 23. Bxf7 Nf4 24. f3 Bc5+ 25. Kh1 Qf8 26. Qxa4 Qxf7 27. Qc2
Nh5 28. Rf2 Qf4 29. Qg6 Qxe5 30. Rff1 Nf4 31. Qg4 Nd3 32. Qh4+ Kg8 33. Rad1 Qe3
34. h3 Bc6 35. Qg3 d5 36. Nd6 Bxa3 37. cxd5 Bxd5 38. Ne4 Be7 39. Nc3 Bc5 40.
Nxd5 exd5 41. Kh2 d4 42. f4 Nb2 43. Rb1 Nc4 44. Rfe1 Qxg3+ 45. Kxg3 Kf7 46.
Rbc1 Nd2 47. Kg4 Nb3 48. Rcd1 Na5 49. f5 Nc4 50. Kf4 Nd6 51. Re6 Nb5 52. g4 Nc3
53. Ra1 Nd5+ 54. Ke5 Ne7 55. g5 d3 56. Ra8 g6 57. f6 Nf5 58. Rc6 1-0

[Event "2.BLS 0203 Heidelberg HSH - Pang Rosenh"]
[Site "?"]
[Date "2003.02.09"]
[Round "6.6"]
[White "Syska, Albert"]
[Black "Markl, Martin"]
[Result "1/2-1/2"]
[WhiteElo "2250"]
[BlackElo "2219"]
[PlyCount "122"]
[EventDate "2003.??.??"]

1. e4 e5 2. Nf3 Nc6 3. Bb5 a6 4. Ba4 Nf6 5. d3 Bc5 6. c3 d6 7. O-O b5 8. Bb3
Be6 9. Bc2 Bb6 10. h3 h6 11. Re1 O-O 12. d4 exd4 13. Nxd4 Bxd4 14. cxd4 Nb4 15.
Bb3 Bxb3 16. Qxb3 c5 17. a3 Nc6 18. dxc5 dxc5 19. Bf4 Nd4 20. Qd1 Ra7 21. b4
Ne6 22. Bd6 Rd7 23. e5 Ne8 24. bxc5 Nxc5 25. Qc2 Nxd6 26. Qxc5 Nc4 27. Nc3 Re8
28. f4 Qc8 29. Ne4 Rc7 30. Qf2 Rc6 31. Kh2 Qf5 32. Qf3 Rec8 33. Re2 g5 34. Nf6+
Kg7 35. Nh5+ Kh8 36. g4 Qd7 37. f5 Qd4 38. Rae1 Nd2 39. Qe3 Qxe3 40. Rxe3 Rc2
41. Kh1 Rc1 42. e6 fxe6 43. Rxe6 Rxe1+ 44. Rxe1 Nf3 45. Re3 Rc1+ 46. Kg2 Nh4+
47. Kf2 Rc2+ 48. Kf1 Kg8 49. Re6 a5 50. Rxh6 a4 51. Rb6 Rb2 52. Nf6+ Kf7 53.
Nd5 Rb3 54. Rb7+ Kf8 55. Rb8+ Kf7 56. Rb7+ Ke8 57. Rxb5 Rxa3 58. Ra5 Rf3+ 59.
Ke2 a3 60. Ne3 Rxh3 61. Rxa3 Rh2+ 1/2-1/2

[Event "2.BLS 0203 Heidelberg HSH - Pang Rosenh"]
[Site "?"]
[Date "2003.02.09"]
[Round "6.7"]
[White "Maurer, Jochen"]
[Black "Pielmeier, Thomas"]
[Result "0-1"]
[WhiteElo "2172"]
[BlackElo "2218"]
[PlyCount "68"]
[EventDate "2003.??.??"]

1. e4 e5 2. Nf3 Nc6 3. Bb5 a6 4. Bxc6 dxc6 5. O-O Ne7 6. c3 Ng6 7. h3 Qd3 8.
Na3 Be6 9. Ng5 Nf4 10. Nxe6 Nxe6 11. Qc2 Nf4 12. g3 Bc5 13. Qxd3 Nxd3 14. b4
Ba7 15. Nc4 O-O-O 16. a4 h5 17. Kg2 Rh6 18. Nb2 Rf6 19. Nxd3 Rxd3 20. f3 g5 21.
g4 c5 22. b5 c4 23. Rb1 Bc5 24. Ra1 Rh6 25. gxh5 Rxh5 26. Kg3 Rh4 27. Ba3 Bxa3
28. Rxa3 Rxe4 29. Rf2 f5 30. Kg2 Rf4 31. Ra1 e4 32. fxe4 Rxf2+ 33. Kxf2 Rxd2+
34. Ke1 Rh2 0-1

[Event "2.BLS 0203 SK Viernheim - SK Krumbach"]
[Site "?"]
[Date "2003.02.09"]
[Round "6.1"]
[White "Lechtinsky, Jiri"]
[Black "Beikert, Guenther Dr"]
[Result "1/2-1/2"]
[WhiteElo "2399"]
[BlackElo "2444"]
[PlyCount "33"]
[EventDate "2003.??.??"]

1. d4 d5 2. c4 e6 3. Nf3 c6 4. Qc2 b6 5. g3 Nf6 6. Bg2 Be7 7. O-O O-O 8. Rd1
Bb7 9. Nc3 Na6 10. Ne5 Nd7 11. Nxd7 Qxd7 12. b3 f5 13. e3 b5 14. a3 Nc7 15. c5
a5 16. Bb2 g5 17. Ne2 {(=)} 1/2-1/2

[Event "2.BLS 0203 SK Viernheim - SK Krumbach"]
[Site "?"]
[Date "2003.02.09"]
[Round "6.2"]
[White "Vidonyak, Roman"]
[Black "Egger, Thomas"]
[Result "1/2-1/2"]
[WhiteElo "2452"]
[BlackElo "2307"]
[PlyCount "49"]
[EventDate "2003.??.??"]

1. b4 Nf6 2. Nf3 d5 3. Bb2 g6 4. e3 Bg7 5. c4 c6 6. Be2 O-O 7. O-O Nbd7 8. cxd5
cxd5 9. Qb3 e6 10. Rc1 Ne4 11. Bxg7 Kxg7 12. Nc3 Nd6 13. a4 Nf6 14. Qb2 Kg8 15.
Ne5 Nd7 16. Nb5 Ne8 17. f4 f6 18. Nf3 a6 19. Nbd4 Qe7 20. b5 a5 21. Nb3 e5 22.
fxe5 fxe5 23. Nxa5 e4 24. Nd4 Ne5 25. Qa3 1/2-1/2

[Event "2.BLS 0203 SK Viernheim - SK Krumbach"]
[Site "?"]
[Date "2003.02.09"]
[Round "6.3"]
[White "Kempter, Ronald"]
[Black "Mandel, Andreas"]
[Result "1/2-1/2"]
[WhiteElo "2290"]
[BlackElo "2367"]
[PlyCount "37"]
[EventDate "2003.??.??"]

1. Nf3 Nf6 2. g3 g6 3. Bg2 Bg7 4. O-O O-O 5. c4 d6 6. d4 Nbd7 7. Qc2 e5 8. Rd1
Re8 9. Nc3 c6 10. b3 Qe7 11. e3 exd4 12. Nxd4 Nc5 13. Ba3 a5 14. Re1 h5 15.
Rad1 h4 16. e4 Nfd7 17. f4 hxg3 18. hxg3 Qd8 19. Qf2 1/2-1/2

[Event "2.BLS 0203 SK Viernheim - SK Krumbach"]
[Site "?"]
[Date "2003.02.09"]
[Round "6.4"]
[White "Wegerle, Joerg"]
[Black "Riefner, Edwin"]
[Result "1/2-1/2"]
[WhiteElo "2365"]
[BlackElo "2226"]
[PlyCount "84"]
[EventDate "2003.??.??"]

1. e4 e6 2. d4 d5 3. Nc3 Bb4 4. e5 c5 5. a3 Bxc3+ 6. bxc3 Ne7 7. Qg4 O-O 8. Bd3
f5 9. exf6 Rxf6 10. Bg5 Rf7 11. Qh5 g6 12. Qd1 Nbc6 13. Nf3 Qf8 14. O-O c4 15.
Be2 h6 16. Bd2 Nf5 17. Qc1 Kh7 18. Ne5 Nxe5 19. dxe5 Bd7 20. g4 Nh4 21. f4 Bc6
22. Be3 d4 23. cxd4 b5 24. Rf2 Qd8 25. h3 Qd5 26. Kh2 g5 27. Qg1 Raf8 28. Raf1
gxf4 29. Rxf4 Rxf4 30. Rxf4 Rxf4 31. Bxf4 Nf3+ 32. Bxf3 Qxf3 33. Be3 c3 34. Qf2
Qxf2+ 35. Bxf2 a5 36. d5 Bxd5 37. Bb6 b4 38. axb4 axb4 39. Ba5 b3 40. cxb3 c2
41. Bd2 Bxb3 42. h4 Bc4 {(=)} 1/2-1/2

[Event "2.BLS 0203 SK Viernheim - SK Krumbach"]
[Site "?"]
[Date "2003.02.09"]
[Round "6.5"]
[White "Wild, Rudolf"]
[Black "Kratochwil, Christian"]
[Result "0-1"]
[WhiteElo "2268"]
[BlackElo "2319"]
[PlyCount "104"]
[EventDate "2003.??.??"]

1. Nf3 c5 2. c4 g6 3. Nc3 Bg7 4. g3 Nc6 5. Bg2 e5 6. O-O Nge7 7. d3 O-O 8. Rb1
d6 9. a3 a5 10. Bd2 Rb8 11. Ne1 Be6 12. Nd5 b5 13. Nc2 b4 14. Nxe7+ Nxe7 15. e4
f5 16. Bh3 Qd7 17. f3 Nc6 18. Kg2 Kh8 19. Kh1 Rf7 20. axb4 axb4 21. b3 Rbf8 22.
Bg2 h5 23. Ra1 f4 24. Ra6 g5 25. gxf4 exf4 26. d4 Nxd4 27. Nxd4 Bxd4 28. Bxb4
Rb8 29. Ba5 Be5 30. Qd3 Qe7 31. Bc3 Rd8 32. Rd1 Bxc3 33. Qxc3+ Kg8 34. Qd3 g4
35. e5 Bf5 36. Qd5 Be6 37. exd6 Qf6 38. Qe4 g3 39. h3 Bc8 40. Ra8 Kg7 41. Rxc8
Rxc8 42. Bf1 Rd8 43. Qc6 Qb2 44. Bg2 Qe5 45. b4 cxb4 46. Qd5 Qxd5 47. Rxd5 Ra7
48. Bf1 Ra1 49. Kg2 Ra2+ 50. Kg1 Rc2 51. c5 b3 52. Bd3 Ra8 0-1

[Event "2.BLS 0203 SK Viernheim - SK Krumbach"]
[Site "?"]
[Date "2003.02.09"]
[Round "6.6"]
[White "Crut, Aurelien"]
[Black "Trassl, Franz"]
[Result "1-0"]
[WhiteElo "2333"]
[BlackElo "2260"]
[PlyCount "59"]
[EventDate "2003.??.??"]

1. e4 c6 2. d4 d5 3. e5 Bf5 4. Nf3 e6 5. Be2 c5 6. Be3 Nd7 7. O-O cxd4 8. Nxd4
Bg6 9. c4 dxc4 10. Bxc4 a6 11. Nc3 Ne7 12. f4 Rc8 13. Qa4 Nc6 14. Nxe6 fxe6 15.
Bxe6 Nc5 16. Bxc5 Bxc5+ 17. Kh1 Rb8 18. f5 b5 19. Qe4 Nd4 20. fxg6 Nxe6 21.
Rad1 Qc8 22. gxh7 Nf8 23. Qd5 Ne6 24. Ne4 Be7 25. Nd6+ Bxd6 26. exd6 Qc4 27.
d7+ Kd8 28. Qd6 Ra8 29. Rf7 Qh4 30. Qxe6 1-0

[Event "2.BLS 0203 SK Viernheim - SK Krumbach"]
[Site "?"]
[Date "2003.02.09"]
[Round "6.7"]
[White "Link, Ulrich Dr"]
[Black "Carbonnel, Pierre"]
[Result "0-1"]
[WhiteElo "2141"]
[BlackElo "2263"]
[PlyCount "88"]
[EventDate "2003.??.??"]

1. d4 Nf6 2. Nf3 e6 3. e3 c5 4. Bd3 b6 5. O-O Be7 6. e4 d5 7. e5 Nfd7 8. c3 Ba6
9. Bxa6 Nxa6 10. a3 O-O 11. b4 cxd4 12. Qe2 d3 13. Qxd3 Nab8 14. c4 dxc4 15.
Qxc4 Qc8 16. Qg4 Qc2 17. Nd4 Nxe5 18. Qxg7+ Kxg7 19. Nxc2 Bf6 20. Ra2 Rc8 21.
Be3 Nbc6 22. Nd2 Ne7 23. Ne4 Nf5 24. Nxf6 Kxf6 25. Bd4 Nxd4 26. Nxd4 Rc4 27.
Nc2 Rd8 28. Ne3 Rc3 29. Rfa1 Rdd3 30. Kf1 Nc6 31. Nd1 Rb3 32. Nb2 Rd4 33. Rc1
Ne5 34. Rc2 Nd3 35. Rd2 Nxb4 36. Rxd4 Nxa2 37. Nc4 b5 38. Nd6 Nc3 39. Rb4 Rxa3
40. g4 a5 41. Rf4+ Ke5 42. Nxb5 Ra1+ 43. Kg2 Kxf4 44. Nxc3 Kxg4 0-1

[Event "2.BLS 0203 SK Viernheim - SK Krumbach"]
[Site "?"]
[Date "2003.02.09"]
[Round "6.8"]
[White "Spiegel, Stefan Dr"]
[Black "Sirch, Franz"]
[Result "1/2-1/2"]
[WhiteElo "2288"]
[BlackElo "2215"]
[PlyCount "48"]
[EventDate "2003.??.??"]

1. e4 c5 2. f4 Nc6 3. Nf3 e6 4. Bb5 Nge7 5. O-O a6 6. Bxc6 Nxc6 7. d3 Be7 8. c4
d5 9. Nc3 dxc4 10. dxc4 O-O 11. Be3 Qxd1 12. Raxd1 b6 13. Kf2 Rd8 14. Rxd8+
Bxd8 15. Rd1 Be7 16. e5 f5 17. exf6 gxf6 18. Ne4 Ra7 19. g4 Rd7 20. Rxd7 Bxd7
21. Nc3 Nb4 22. Ne1 Bd6 23. Ne4 Be7 24. Nc3 Bd6 1/2-1/2

[Event "2.BLS 0203 SC Eppingen - SG Kirchheim"]
[Site "?"]
[Date "2003.02.09"]
[Round "6.1"]
[White "Gschnitzer, Oswald Dr"]
[Black "Acs, Peter"]
[Result "0-1"]
[WhiteElo "2428"]
[BlackElo "2591"]
[PlyCount "65"]
[EventDate "2003.??.??"]

1. Nf3 d5 2. c4 d4 3. g3 c5 4. Bg2 Nc6 5. O-O e5 6. d3 Be7 7. e3 Nf6 8. Re1 Nd7
9. Na3 O-O 10. Nc2 Re8 11. a3 a5 12. exd4 exd4 13. b3 h6 14. Rb1 Bd6 15. Rxe8+
Qxe8 16. b4 cxb4 17. Nfxd4 Nde5 18. Nb5 Qd8 19. Ne3 Bc5 20. Bd5 Bxe3 21. Bxe3
Bf5 22. axb4 Bxd3 23. Rc1 Nxb4 24. Bxb7 Rb8 25. Bf4 Rxb7 26. Bxe5 Rd7 27. Qg4
Bg6 28. c5 h5 29. Qf3 Nd3 30. c6 Nxe5 31. Qe2 Nxc6 32. Rxc6 Rd1+ 33. Kg2 0-1

[Event "2.BLS 0203 SC Eppingen - SG Kirchheim"]
[Site "?"]
[Date "2003.02.09"]
[Round "6.2"]
[White "Medvegy, Zoltan"]
[Black "Wintzer, Joachim Dr"]
[Result "0-1"]
[WhiteElo "2513"]
[BlackElo "2367"]
[PlyCount "116"]
[EventDate "2003.??.??"]

1. c4 Nf6 2. g3 c6 3. Bg2 d5 4. Nf3 dxc4 5. a4 Be6 6. Na3 g6 7. Qc2 Bg7 8. Nxc4
O-O 9. O-O c5 10. Ne3 Na6 11. Ng5 Bc8 12. d3 Rb8 13. a5 b6 14. axb6 axb6 15.
Bd2 Nc7 16. b4 Nb5 17. Rfb1 Nd4 18. Qd1 h6 19. Nh3 Bd7 20. Nc4 Qc8 21. Nf4 g5
22. Nd5 Nxd5 23. Bxd5 Bg4 24. f3 Be6 25. Ne3 Bxd5 26. Nxd5 Qe6 27. e4 Rfd8 28.
bxc5 bxc5 29. Bc3 Qd7 30. Kg2 e6 31. Nb6 Qc6 32. Nc4 Qd7 33. Rxb8 Rxb8 34. Rb1
Rd8 35. Qd2 Nxf3 36. Qe3 Bxc3 37. Qxf3 Qxd3 38. Qxd3 Rxd3 39. Rb3 g4 40. Kf1
Rd1+ 41. Ke2 Rc1 42. Rb7 Rh1 43. Nd6 Rxh2+ 44. Ke3 f6 45. Nf7 Be5 46. Nxe5 fxe5
47. Re7 Rg2 48. Rxe6 Rxg3+ 49. Kf2 Rf3+ 50. Ke2 Kg7 51. Rxe5 c4 52. Rc5 c3 53.
e5 Rh3 54. Kf2 Kf7 55. Rc6 h5 56. Kg2 Ke7 57. Rd6 Re3 58. Rc6 Kd7 0-1

[Event "2.BLS 0203 SC Eppingen - SG Kirchheim"]
[Site "?"]
[Date "2003.02.09"]
[Round "6.3"]
[White "Biebinger, Gerhard"]
[Black "Balzar, Andreas Dr"]
[Result "0-1"]
[WhiteElo "2391"]
[BlackElo "2381"]
[PlyCount "124"]
[EventDate "2003.??.??"]

1. c4 c6 2. e4 d5 3. exd5 cxd5 4. d4 Nf6 5. Nc3 Nc6 6. Nf3 Bg4 7. cxd5 Nxd5 8.
Qb3 Bxf3 9. gxf3 e6 10. Qxb7 Nxd4 11. Bb5+ Nxb5 12. Qc6+ Ke7 13. Qxb5 Qd7 14.
Nxd5+ Qxd5 15. Qxd5 exd5 16. Be3 Ke6 17. O-O-O Bb4 18. Rd3 Rhd8 19. Kb1 a6 20.
a3 Be7 21. Re1 Kf5 22. Red1 Ke6 23. Bd4 Bf6 24. Bxf6 gxf6 25. Re1+ Kd6 26. Rd4
Re8 27. Rxe8 Rxe8 28. Ra4 Re2 29. Rxa6+ Ke5 30. Ra8 Rxf2 31. a4 Kd4 32. a5 Rxf3
33. Rb8 Re3 34. Ka2 Re7 35. b4 f5 36. Rc8 Ra7 37. Kb3 f4 38. Ka4 f3 39. b5 f2
40. Rc1 Rc7 41. Rd1+ Kc5 42. b6 Re7 43. Rh1 Kd4 44. Rf1 Kc5 45. Rxf2 Re4+ 46.
Ka3 Re3+ 47. Ka2 Re7 48. Rb2 Rb7 49. Ka1 Kc6 50. a6 Rxb6 51. a7 Ra6+ 52. Kb1
Rxa7 53. Kc2 Ra3 54. Kd1 Rh3 55. Ke1 d4 56. Rf2 Kd5 57. Kf1 Rh5 58. Kg2 f5 59.
Kf3 Rh4 60. Ra2 Kc4 61. Kg3 Re4 62. Ra5 d3 0-1

[Event "2.BLS 0203 SC Eppingen - SG Kirchheim"]
[Site "?"]
[Date "2003.02.09"]
[Round "6.5"]
[White "Beckhuis, Gernod"]
[Black "Schulze, Ulrich"]
[Result "1/2-1/2"]
[WhiteElo "2283"]
[BlackElo "2353"]
[PlyCount "61"]
[EventDate "2003.??.??"]

1. Nf3 c5 2. c4 g6 3. d4 cxd4 4. Nxd4 Bg7 5. e4 Nc6 6. Be3 Nf6 7. Nc3 Ng4 8.
Qxg4 Nxd4 9. Qd1 Ne6 10. Qd2 Qa5 11. Rc1 g5 12. b3 b6 13. h4 h6 14. Be2 Bb7 15.
Bg4 Qe5 16. f3 gxh4 17. Rxh4 h5 18. Bf5 Qg3+ 19. Qf2 Qxf2+ 20. Kxf2 Nd4 21.
Rhh1 Nxf5 22. exf5 d6 23. Nd5 Rc8 24. f6 Bxf6 25. Nxf6+ exf6 26. Rcd1 d5 27.
cxd5 Rc2+ 28. Rd2 Rxd2+ 29. Bxd2 Bxd5 30. Bc3 Ke7 31. Re1+ 1/2-1/2

[Event "2.BLS 0203 SC Eppingen - SG Kirchheim"]
[Site "?"]
[Date "2003.02.09"]
[Round "6.6"]
[White "Koch, Wolfgang Max Dr"]
[Black "Wippermann, Till"]
[Result "1/2-1/2"]
[WhiteElo "2308"]
[BlackElo "2354"]
[PlyCount "38"]
[EventDate "2003.??.??"]

1. d4 Nf6 2. Nf3 c5 3. d5 b5 4. Bg5 d6 5. Bxf6 exf6 6. e4 Bd7 7. Be2 Be7 8. O-O
O-O 9. Nbd2 a5 10. b3 a4 11. bxa4 Rxa4 12. c4 b4 13. a3 bxa3 14. Qc1 a2 15. Bd1
Ra8 16. Bb3 Na6 17. Rxa2 Nb4 18. Ra3 Qb6 19. Qb2 Rxa3 1/2-1/2